LEADER 00909nam 2200349 450 001 9910138407503321 005 20221018222226.0 010 $a953-51-5488-5 035 $a(CKB)3230000000076124 035 $a(NjHacI)993230000000076124 035 $a(EXLCZ)993230000000076124 100 $a20221018d2010 uy 0 101 0 $aeng 135 $aur||||||||||| 181 $ctxt$2rdacontent 182 $cc$2rdamedia 183 $acr$2rdacarrier 200 00$aFuzzy Systems /$fedited by Ahmad Taher Azar 210 1$aRijeka, Croatia :$cInTech,$d2010. 210 4$dİ2010 215 $a1 online resource (228 pages) 311 $a953-7619-92-3 606 $aComputers 615 0$aComputers. 676 $a004 702 $aAzar$b Ahmad Taher 801 0$bNjHacI 801 1$bNjHacl 906 $aBOOK 912 $a9910138407503321 996 $aFuzzy systems$91396479 997 $aUNINA